[Event "78th ARM-ch Highest League 2018"]
[Site "Yerevan"]
[Date "2018.01.15"]
[Round "4"]
[White "Harutyunian, Tigran K."]
[Black "Sargsyan, Shant"]
[Result "1/2-1/2"]
[WhiteElo "2487"]
[BlackElo "2461"]
[Annotator "TA"]
[PlyCount "65"]
[EventDate "2018.??.??"]
[EventType "tourn"]
[EventCountry "ARM"]
[SourceTitle "playchess.com"]
[Source "ChessBase"]
[SourceQuality "1"]

{[%evp 9,65,0,17,12,13,4,35,56,45,29,47,38,66,0,27,22,23,12,38,31,30,17,10,15,40,1,0,0,0,0,0,0,0,0,0,8,26,0,0,0,0,2,9,5,20,0,-8,-11,25,0,0,0,0,0,0,0,0,0]} 1. c4 e5 2. Nc3 Nf6 3. Nf3 Nc6 4. e3 Bb4 5. Qc2 d6 {LiveBook: 64 Games} 6. Ne2 {A28: English Opening: Four Knights Variation} a5 7. a3 O-O 8. Ng3 $1 {White is slightly better.} Bc5 9. b3 Re8 10. Bb2 h6 $146 ({Predecessor:} 10... Ba7 11. Be2 h6 12. O-O Be6 13. Bc3 Ne7 {1-0 (63) Karjakin,S (2760)-Vidit,S (2715) Riadh 2017}) 11. d3 (11. Be2 $1 $14) 11... d5 12. cxd5 Qxd5 13. Be2 Bf8 14. O-O Be6 15. Nd2 Rad8 16. Rfd1 Bg4 17. Bxg4 Nxg4 18. Nde4 Qe6 19. Qc4 (19. h3 {is more complex.} Nf6 20. Ne2 Rd7 21. Rac1 Red8 22. N2c3) 19... Nf6 20. Nxf6+ Qxf6 21. Rac1 Qe6 22. Qb5 Qc8 23. d4 exd4 24. exd4 Ne7 25. Qxa5 Nd5 26. Re1 {[#] And now Rxe8 would win.} c6 27. Rxe8 Rxe8 28. Re1 Bd6 29. Kf1 Rxe1+ {The position is equal.} 30. Qxe1 Bxg3 31. hxg3 Qf5 32. b4 Qc2 33. Qc1 {Precision: White = 68%, Black = 46%.} 1/2-1/2

[Event "78th ARM-ch Highest League 2018"]
[Site "Yerevan"]
[Date "2018.01.15"]
[Round "4"]
[White "Harutyunian, Tigran K."]
[Black "Sargsyan, Shant"]
[Result "*"]
[WhiteElo "2487"]
[BlackElo "2461"]
[Annotator "TA"]
[PlyCount "26"]
[EventDate "2018.??.??"]
[EventType "tourn"]
[EventCountry "ARM"]
[SourceTitle "playchess.com"]
[Source "ChessBase"]
[SourceQuality "1"]

{[%evp 9,11,2,0,-5]} 1. c4 e5 2. Nc3 Nf6 3. Nf3 Nc6 4. e3 Bb4 5. Qc2 d6 {LiveBook: 64 Games} 6. Ne2 {A28: English Opening: Four Knights Variation} {Predecessor:} a5 $146 7. a3 Bc5 8. b3 O-O 9. Ng3 Re8 10. Bb2 Ba7 11. Be2 h6 12. O-O Be6 13. Bc3 Ne7 {1-0 (63) Karjakin,S (2760)-Vidit,S (2715) Riadh 2017} *

[Event "78th ARM-ch Highest League 2018"]
[Site "Yerevan"]
[Date "2018.01.16"]
[Round "5"]
[White "Hovhannisyan, Robert"]
[Black "Harutyunian, Tigran K"]
[Result "1/2-1/2"]
[WhiteElo "2591"]
[BlackElo "2487"]
[Annotator "TA"]
[PlyCount "63"]
[EventDate "2018.??.??"]
[EventType "tourn"]
[EventCountry "ARM"]
[SourceTitle "playchess.com"]
[Source "ChessBase"]
[SourceQuality "1"]

{[%evp 27,63,0,0,0,0,0,0,-8,-8,-12,-12,-12,-8,-13,-2,-4,0,-12,0,0,0,-10,-11,-7,0,0,0,0,0,0,0,0,0,0,0,0,0,0]} 1. e4 e5 2. Nf3 Nc6 3. Nc3 Nf6 4. d4 exd4 5. Nxd4 Bb4 6. Nxc6 bxc6 7. Bd3 d5 8. exd5 O-O 9. O-O cxd5 10. h3 {C47: Scotch Four Knights and Four Knights with 4 g3} (10. Bg5 c6 11. Na4 h6 12. Bh4 Re8 13. c4 dxc4 14. Bxc4 Qxd1 15. Rfxd1 g5 16. Bg3 Ne4 17. a3 Bf8 18. Rac1 Nxg3 19. hxg3 Rb8 20. b4 Bf5 21. Bd3 Bxd3 22. Rxd3 {½-½ (36) Artemiev,V (2691)-Carlsen,M (2837) Riadh 2017}) 10... c6 11. Qf3 Bd6 12. Re1 Bd7 13. Bf4 Qc7 14. Bxd6 Qxd6 {LiveBook: 4 Games. The position is equal.} 15. Qg3 Qxg3 16. fxg3 {[#]} c5 $146 ({Predecessor:} 16... Rfe8) 17. Rad1 Rfe8 18. g4 h6 19. b3 Kf8 20. Bb5 Bxb5 21. Nxb5 a6 22. Nc3 Rxe1+ 23. Rxe1 $11 {[%mdl 4096] Endgame KRN-KRN} Re8 24. Rd1 Re5 25. Na4 Re2 26. Nxc5 Rxc2 27. Nxa6 Rxa2 28. Nb4 Rb2 29. Rd3 Ke7 30. Nxd5+ Nxd5 31. Rxd5 Rxb3 32. Ra5 {Precision: White = 85%, Black = 86%.} 1/2-1/2

[Event "78th ARM-ch Highest League 2018"]
[Site "Yerevan"]
[Date "2018.01.16"]
[Round "5"]
[White "Petrosyan, Manuel"]
[Black "Andriasian, Zaven"]
[Result "0-1"]
[WhiteElo "2570"]
[BlackElo "2585"]
[Annotator "TA"]
[PlyCount "126"]
[EventDate "2018.??.??"]
[EventType "tourn"]
[EventCountry "ARM"]
[SourceTitle "playchess.com"]
[Source "ChessBase"]
[SourceQuality "1"]

{[%evp 11,126,0,8,0,12,0,23,28,18,-2,29,0,0,4,9,0,0,10,0,-45,-37,-65,-61,-64,-69,-109,-99,-106,-95,-100,-60,-139,-41,-114,-107,-118,-99,-89,-110,-127,-116,-128,-135,-136,-125,-110,-83,-138,-138,-138,-137,-144,-133,-140,-135,-127,-118,-112,-120,-119,-116,-127,-122,-131,-121,-235,-235,-232,-227,-221,-195,-229,-223,-654,-609,-606,-1111,-1211,-1038,-1191,-1134,-870,-658,-641,-580,-1547,-1355,-5704,-5876,-4914,-2748,-4863,-2955,-2590,-2590,-11272,-9695,-7034,-6511,-4018,-5952,-5595,-5587,-4633,-3118,-5542,-4528,-6107,-5102,-29980,-29980,-29980,-29981,-29981,-29982,-29979,-29978]} 1. d4 Nf6 2. Nf3 d5 3. c4 c6 4. e3 Bg4 5. Nc3 e6 6. Qb3 Qb6 7. Nh4 {D11: Slav Defence: 3 Nf3 sidelines and 3...Nf6 4 e3 Bg4} Bh5 8. h3 g5 (8... Be7 9. g4 Bg6 10. Nxg6 hxg6 11. Bg2 g5 12. O-O Nbd7 13. Rd1 Qc7 14. e4 Nxe4 15. Nxe4 dxe4 16. Bxe4 {1-0 (30) Carlsen,M (2855)-So,W (2770) Leuven 2016}) 9. Nf3 {White has an edge.} h6 10. Bd3 Rg8 {[%cal Bh8g8,Bg8g6,Bg6g3][%mdl 32]} 11. Ne5 Nfd7 12. Nxd7 Nxd7 13. Bd2 $146 ({Predecessor:} 13. Qxb6 axb6 14. cxd5 exd5 {0-1 (52) Andersen,M (2410)-Sandipan,C (2641) Caleta 2011}) 13... Bg6 $36 {[%mdl 2048] Black has some pressure.} 14. Bxg6 Rxg6 15. Qc2 dxc4 16. O-O g4 17. h4 g3 18. fxg3 Rxg3 19. b3 cxb3 20. axb3 Rg4 21. Ne2 (21. Ra4 $15) 21... Qc7 ({Black should try} 21... Bd6 $17 {Strongly threatening ...Ke7.} 22. Ba5 Qb5) 22. Rf4 ({White should play} 22. Nf4 $15) 22... Rxf4 $17 23. Nxf4 Nf6 24. Ba5 b6 25. Bd2 O-O-O 26. b4 Kb8 27. Rf1 {Black should prevent Nxe6!} Be7 28. Be1 Rg8 29. Qe2 (29. Qd3 $142) 29... Ng4 $1 30. Qf3 e5 31. dxe5 Qxe5 32. Bg3 Qxe3+ 33. Qxe3 Nxe3 34. Rf3 {Black must now prevent Ng6+.} Nf5 35. Ng6+ Bd6 36. Bxd6+ Nxd6 {[%mdl 4096] Endgame KRN-KRN} 37. Ne5 Re8 38. Nxf7 (38. Nxc6+ $17 Kb7 39. Nd4) 38... Nxf7 $19 39. Rxf7 $17 {KR-KR} Re4 40. h5 Rh4 $1 41. Rf5 Rxb4 {And now ...a5 would win.} 42. Rf6 $2 (42. Rf8+ Kb7 43. Rf7+ Kb8 44. Rf8+ Kb7 45. Rf7+ Kb8 46. Rf8+) 42... a5 $1 $19 43. Rxh6 {[#]} a4 $1 {[%cal Ba5a4,Ba4a3][%mdl 32]} 44. Rh8+ Kb7 45. Rh7+ Ka6 46. Rh8 Kb5 {Hoping for ...a3.} 47. h6 a3 {aiming for ...a2.} 48. h7 Rh4 49. g3 {[#]} a2 $1 {[%mdl 512]} 50. Ra8 Rxh7 51. Rxa2 c5 {[%cal Bc6c5,Bc5c4,Bc4c3,Bc3c2][%mdl 32]} 52. Rb2+ Kc6 53. g4 Rg7 54. Rg2 Rg5 55. Kf2 c4 56. Ke3 {[#]} Kc5 $1 57. Kf4 Rg8 58. g5 c3 59. Ke3 Kc4 60. Ke2 Rd8 {Black mates.} 61. g6 c2 ({Weaker is} 61... Rd2+ 62. Kf3 $17) 62. Rg1 Kc3 63. g7 Kb2 {Precision: White = 43%, Black = 79%.} 0-1

[Event "78th ARM-ch Highest League 2018"]
[Site "Yerevan"]
[Date "2018.01.16"]
[Round "5"]
[White "Martirosyan, Haik M"]
[Black "Gabuzyan, Hovhannes"]
[Result "1-0"]
[WhiteElo "2567"]
[BlackElo "2571"]
[Annotator "TA"]
[PlyCount "99"]
[EventDate "2018.??.??"]
[EventType "tourn"]
[EventCountry "ARM"]
[SourceTitle "playchess.com"]
[Source "ChessBase"]
[SourceQuality "1"]

{[%evp 20,99,0,0,0,-10,-23,-33,-8,-16,17,23,24,12,48,29,107,92,122,108,108,98,150,155,304,256,219,124,137,115,131,135,116,78,262,240,207,166,177,159,215,185,247,273,227,214,285,286,432,420,551,481,484,480,618,620,574,434,424,422,416,247,426,427,399,378,754,733,866,834,5458,4812,2508,3816,5093,3451,2615,2518,1534,2299,29973,29969]} 1. d4 Nf6 {[%cal Bg8f6,Bf6d7,Bd7c5][%mdl 32]} 2. c4 g6 3. Nf3 Bg7 4. Nc3 O-O 5. e4 d6 6. h3 Nfd7 {E90: King's Indian: Classical: Early deviations and 6 h3} (6... e5 7. dxe5 dxe5 8. Qxd8 Rxd8 9. Bg5 Na6 10. Nd5 Rd6 11. Bxf6 Bxf6 12. Rc1 b6 13. b4 c6 14. Nxf6+ Rxf6 15. a3 c5 16. b5 Nc7 17. Rd1 a6 18. Rd8+ {0-1 (44) Wang,Y (2690)-Saric,I (2669) Riadh 2017}) 7. Be2 e5 8. d5 a5 9. g4 Nc5 10. Be3 Nba6 11. g5 {LiveBook: 6 Games} c6 12. Nd2 f5 13. h4 $146 ({Predecessor:} 13. gxf6 Bxf6 14. Nf3 cxd5 15. Qxd5+ Be6 16. Qd2 Qb6 17. Bh6 Rf7 {0-1 (39) Koshelev,V (1909)-Dikarev,O (2123) Voronezh 2013}) 13... cxd5 14. cxd5 f4 15. Bxc5 $1 Nxc5 16. f3 a4 17. Bb5 h6 (17... Bd7 $11 {keeps the balance.}) 18. Nc4 $16 (18. Nxa4 $6 Nxa4 19. gxh6 Bxh6 $11) 18... hxg5 19. hxg5 Qxg5 20. Kd2 Qf6 (20... Qd8 $142) 21. Qg1 a3 (21... Kf7 $16 22. Nb6 Ra5) 22. b4 $18 (22. bxa3 g5 $16) 22... Nd7 23. Bxd7 (23. Qh2 $6 Kf7 $16) (23. Rc1 $18) 23... Bxd7 $16 24. Nb6 (24. Qh2 $6 Rab8 $11) 24... Rad8 25. Nxd7 (25. Qh2 $6 Kf7 $14) 25... Rxd7 26. Nb5 $36 {[%cal Bc3b5,Bb5a3,Ba3c4][%mdl 2080] Keeping Black busy.} Rff7 $2 (26... Qd8 $16 {might work better.}) 27. Rc1 $18 (27. Nxa3 $6 Rf8 $16) 27... Bf8 28. Qg4 ({Resist} 28. Nxa3 $6 Rh7 $16) 28... Rh7 29. Nxa3 Rxh1 (29... Rdg7 $16 30. Nb5 Rxh1 31. Rxh1 Qf7) 30. Rxh1 Rh7 (30... Rg7 $142 31. Rh6 Qf7) 31. Rxh7 Kxh7 32. Nc4 Qd8 33. a4 $1 {[%cal Ba2a4,Ba4a5][%mdl 32]} Be7 (33... Qa8 {was worth a try.} 34. Qd7+ Bg7) 34. a5 Bh4 35. Kc3 Bf2 36. Kb3 b5 37. Na3 ({Less strong is} 37. axb6 Bxb6 38. Qh3+ (38. Qe6 Bc7 $18) 38... Kg7 $18) 37... Qc7 38. Qh3+ Kg7 39. Qf1 Qa7 40. Nc2 (40. Nxb5 $142 Qe3+ 41. Ka4 Qxf3 42. Nxd6) 40... g5 $2 (40... Bg1 41. Qxb5 Qf2) 41. Qxb5 g4 42. fxg4 f3 $2 (42... Qe7 43. g5 Kg6) 43. Qf1 $1 Kg6 44. Qh3 Qf7 {[#]} 45. Qh5+ $1 Kg7 {[#]} 46. Qxf7+ $1 Kxf7 47. Kc3 Kg6 48. Kd3 Kg5 49. Ne3 Kf4 {[#]} 50. g5 $1 {Precision: White = 78%, Black = 20%.} 1-0

[Event "78th ARM-ch Highest League 2018"]
[Site "Yerevan"]
[Date "2018.01.16"]
[Round "5"]
[White "Ter-Sahakyan, Samvel"]
[Black "Petrosian, Tigran L"]
[Result "1-0"]
[WhiteElo "2563"]
[BlackElo "2606"]
[Annotator "TA"]
[PlyCount "83"]
[EventDate "2018.??.??"]
[EventType "tourn"]
[EventCountry "ARM"]
[SourceTitle "playchess.com"]
[Source "ChessBase"]
[SourceQuality "1"]

{[%evp 18,83,70,56,62,27,37,37,31,32,35,21,61,33,67,60,62,61,63,64,78,70,135,129,158,163,145,147,133,138,158,105,122,114,143,119,119,106,108,120,181,89,85,20,89,98,68,74,110,79,345,348,383,387,474,450,844,835,900,896,870,852,844,731,685,700,727,722]} 1. e4 g6 2. d4 Bg7 3. Nc3 c6 4. f4 Qb6 5. Nf3 d5 6. e5 {B06: Moderne Verteidigung} Bg4 7. Be2 Nh6 8. Na4 (8. Nh4 Bxe2 9. Nxe2 e6 10. O-O c5 11. c3 Nc6 12. Kh1 cxd4 13. Nxd4 Nxd4 14. cxd4 {½-½ (30) Ter Sahakyan,S (2598)-Andreikin,D (2723) Minsk 2017}) 8... Qa5+ 9. c3 Nd7 10. b4 {LiveBook: 10 Partien} Qc7 11. Ng5 Bxe2 12. Qxe2 e6 13. O-O $146 O-O 14. Rb1 Rae8 15. Nf3 f6 16. Bd2 b6 17. Nb2 Qc8 18. a4 c5 19. b5 cxd4 ({Besser ist} 19... Qd8 $14) 20. cxd4 $16 Qc2 21. Qd3 Rc8 22. Rfc1 Qxd3 23. Nxd3 Rfe8 24. Kf2 (24. Ra1 $142) 24... Nf7 25. Nb4 g5 26. g3 ({Bitte nicht} 26. fxg5 $6 fxe5 27. Nc6 Ra8 $11) 26... g4 27. Ne1 fxe5 28. fxe5 Nh6 {[#]} (28... Bh6 $16 29. Bxh6 Nxh6) 29. Nc6 (29. Rxc8 $1 $18 {und Weiss behält klar die Oberhand.} Rxc8 30. Rc1 Rf8+ 31. Kg2) 29... Nf5 30. Nd3 (30. Ng2 $16) 30... Nb8 (30... Ra8 $11 {hält das Gleichgewicht.}) 31. Nxa7 Rc4 32. Rxc4 dxc4 33. Nb2 Nd7 $2 {[%mdl 8192] [#]} (33... Re7 $16) 34. Nc6 $1 $18 ({Nicht} 34. Nxc4 Ra8 $16) 34... Ra8 35. Rc1 Nb8 {Falls Schwarz jetzt zu ...Sxc6 käme, bestünde noch etwas Hoffnung.} 36. Nxc4 {Weiß steht klar auf Gewinn.} Nxc6 (36... Rxa4 $142 37. Nxb8 Nxd4) 37. bxc6 Nxd4 38. Nxb6 Rf8+ 39. Bf4 Bxe5 40. c7 Bxc7 41. Rxc7 e5 42. Nd7 {Precision: Weiß = 67%, Schwarz = 43%.} 1-0

[Event "78th ARM-ch Highest League 2018"]
[Site "Yerevan"]
[Date "2018.01.16"]
[Round "5"]
[White "Sargsyan, Shant"]
[Black "Grigoryan, Karen H"]
[Result "1/2-1/2"]
[WhiteElo "2461"]
[BlackElo "2581"]
[Annotator "TA"]
[PlyCount "123"]
[EventDate "2018.??.??"]
[EventType "tourn"]
[EventCountry "ARM"]
[SourceTitle "playchess.com"]
[Source "ChessBase"]
[SourceQuality "1"]

{[%evp 24,123,39,18,19,9,18,17,13,21,13,20,29,0,0,4,0,0,0,0,20,16,23,0,0,0,0,0,0,0,0,0,36,-8,0,-8,-8,-8,-8,-10,-9,-9,-6,-6,-6,-13,-12,-12,0,-13,0,0,0,0,0,-33,-33,-120,-121,-192,-156,-226,-226,-259,-218,-191,-202,-358,-358,-559,-559,-553,-525,-480,-455,-529,-217,-224,-217,-217,-217,-217,-217,-216,-216,-209,-28,-28,-12,-12,-12,-12,-12,-28,-28,-28,-28,-33,-33,-33,-33,-33]} 1. d4 Nf6 2. Nf3 g6 3. c4 Bg7 4. g3 O-O 5. Bg2 d6 6. Nc3 Nc6 7. O-O a6 8. Bd2 Bd7 9. Rc1 Rb8 10. d5 {E63: King's Indian: Fianchetto: Panno Variation with 7...a6} Na5 11. b3 c5 12. dxc6 Nxc6 13. Nd5 {LiveBook: 5 Games} Nxd5 14. cxd5 Ne5 $146 ({Predecessor:} 14... Nd4 15. Nxd4 Bxd4 16. Bh6 Bg7 17. Bxg7 Kxg7 18. Qd4+ Kg8 {1-0 (29) Vakhidov,J (2585)-Fitzsimons,D (2388) Southend 2016}) 15. Nxe5 Bxe5 16. Bh6 Re8 17. Qd2 Rc8 18. Qb4 Rxc1 19. Rxc1 Qb8 20. Qb6 Rc8 21. Rc4 Rxc4 22. bxc4 Qc8 23. e4 f5 24. h4 Kf7 25. exf5 Bxf5 26. Bf1 Be4 27. Qe3 Qf5 28. Be2 {aiming for g4.} (28. f4 $5 {[%cal Rf4e5]} Bf6 29. Kh2 $11) 28... Bf6 29. Bf4 $132 {[%mdl 2048] Hoping for g4. White is not keeping still} Bb1 30. a4 Qe4 31. Bg4 {Be6+ is the strong threat.} Qxe3 32. Bxe3 $11 {[%mdl 4096] Endgame KBB-KBB} Ba2 33. Be6+ Ke8 34. Bc8 Bxc4 35. Bxb7 Kf7 36. f3 e6 37. dxe6+ Kxe6 38. Bc8+ Ke7 39. Bb6 Bc3 40. Kf2 {[#]} (40. a5 $15) 40... a5 $1 $17 41. Ke3 {[#]} (41. Bb7 $17) 41... Bb3 $1 $19 42. f4 (42. Bd4 $17 Be1 43. g4) 42... Bxa4 43. f5 Be1 44. fxg6 hxg6 45. g4 $2 (45. Ke2 {was worth a try.} Bxg3 46. Bxa5) 45... Bd1 ({Weaker is} 45... Bxh4 46. Bxa5 Bg5+ 47. Kd4 $17) 46. h5 (46. Bd4 $142) 46... gxh5 47. gxh5 Bxh5 48. Kd3 Bg6+ 49. Kc4 Bb4 (49... a4 $142 {White must now prevent ...Bf7+.} 50. Bd4 Bf7+ 51. Kb5 a3) 50. Bb7 Bh5 51. Kb5 Be8+ 52. Kc4 Ke6 53. Bd5+ Kf5 54. Bb7 Bd2 $2 (54... Bh5 $19 {Threatens to win with ...Be2+.} 55. Kb5 Be8+ 56. Kc4 Kf6) 55. Kd5 $1 $11 Bf7+ 56. Kxd6 a4 57. Bc5 Bh6 {And now ...Bf8+ would win.} 58. Ke7 Bb3 59. Bc6 Bc1 60. Kd7 a3 {[#]} 61. Bxa3 $1 {[%mdl 512]} Bxa3 62. Kc7 {Precision: White = 42%, Black = 66%.} 1/2-1/2

[Event "78th ARM-ch Highest League 2018"]
[Site "Yerevan"]
[Date "2018.01.17"]
[Round "6"]
[White "Andriasian, Zaven"]
[Black "Martirosyan, Haik M."]
[Result "0-1"]
[WhiteElo "2585"]
[BlackElo "2567"]
[Annotator "TA"]
[PlyCount "94"]
[EventDate "2018.??.??"]
[EventType "tourn"]
[EventCountry "ARM"]
[SourceTitle "playchess.com"]
[Source "ChessBase"]
[SourceQuality "1"]

{[%evp 12,94,0,0,2,-1,14,-8,2,-11,0,-10,-4,-10,26,9,8,7,16,14,14,12,8,-24,-18,-42,-29,-81,-76,-94,-98,-104,-93,-135,-126,-132,-118,-157,-154,-188,-158,-222,-217,-205,-209,-227,-197,-235,-225,-232,-227,-221,-192,-315,-318,-315,-321,-285,-236,-317,-262,-334,-342,-386,-386,-385,-377,-460,-459,-437,-440,-414,-366,-616,-616,-880,-638,-614,-593,-29968,-6360,-29963,-5747,-2473,-2135]} 1. Nf3 d5 2. g3 Nc6 3. d4 Bf5 4. c4 (4. Bg2 Nb4 5. Na3 e6 6. O-O h6 7. Ne5 Bd6 8. c3 Bxe5 9. dxe5 Nc6 10. c4 Nge7 11. cxd5 exd5 12. Nb5 O-O 13. Nd4 Nxd4 14. Qxd4 {0-1 (54) Vachier Lagrave,M (2789)-Bosiocic,M (2624) Riadh 2017}) 4... e6 5. Bg2 Nb4 6. Na3 {D02: 1 d4 d5 2 Nf3 sidelines, including 2...Nf6 3 g3 and 2...Nf6 3 Bf4} h6 7. O-O {LiveBook: 4 Games} c6 8. Qb3 {The position is equal.} Nf6 $146 ({Predecessor:} 8... dxc4 9. Nxc4 Nc2 10. Nh4 Qd7 11. Nxf5 Nxa1 12. Qxb7 Qxb7 13. Nfd6+ Bxd6 14. Nxd6+ {1-0 (22) Loginov,V (2505)-Varga,Z (2450) Budapest 1993}) 9. Bd2 a5 10. Ne5 Nd7 11. Nxd7 Qxd7 12. c5 b6 13. Bxb4 (13. cxb6 {is more complex.} a4 14. Qd1 Qb7 15. e4 Bh7 16. Qg4) 13... axb4 14. Qxb4 bxc5 15. dxc5 Be7 16. e4 Bh7 17. exd5 exd5 {And now ...0-0 would win.} 18. Qc3 Bf6 $36 {[%mdl 3072] Black has compensation. Black has the initiative.} 19. Qd2 (19. Rfe1+ $11 {remains equal.} Kf8 20. Qb3) 19... Qb7 $1 $17 {[%cal Rb7b2]} 20. Rae1+ Kf8 21. Re2 g5 {[%cal Bg7g5,Bg5g4][%mdl 32]} 22. f4 g4 $1 23. f5 Kg7 24. Qf4 h5 25. Rfe1 Qb8 {Strongly threatening ...Qxf4.} 26. Qf2 (26. Qd2 $17 {might work better.}) 26... Qb4 $1 $19 {...Bd4 is the strong threat.} 27. Kh1 Rhb8 28. Nc2 Qxb2 29. a3 {If White can now play Nb4 this consolidates a bit.} Qc3 30. Nb4 Rc8 ({Don't play} 30... Rxa3 31. Nxc6 Rb5 32. Ne7 $17) 31. Re3 Qb2 32. Qf1 (32. Qxb2 $142 Bxb2 33. Rb3) 32... Rxa3 33. Rxa3 Qxa3 34. Nd3 Qa6 35. Rd1 Re8 36. Qf2 Qa4 37. Rf1 Qd4 38. Qc2 Bg5 39. Qb1 Re2 40. Nf4 Bxf4 41. Rxf4 Qb2 42. Qg1 $2 (42. Qxb2+ Rxb2 43. h3) 42... Qe5 43. Bf1 Re4 44. f6+ Kh6 45. Rf2 Re3 (45... Re1 $142 46. h3 gxh3 47. Kh2 Bd3 48. Kxh3 {[#]} h4 $1 {[%mdl 512]} 49. Qg2 Be4 50. Rf3 Bxf3 51. Qxf3 Rxf1 $1 {[%mdl 512]} 52. Qg4 Qxg3+ 53. Qxg3 hxg3 54. Kg2 Rxf6 55. Kh3 d4 56. Kg2 d3 57. Kh3 d2 58. Kg2 d1=Q 59. Kh3 Qh1+ 60. Kg4 g2 61. Kg3 g1=Q#) 46. Bg2 Bd3 (46... Be4 $142 47. Rf1 Bd3 48. Rd1 Kg6 49. Rc1 Re2 50. Qd1 Bf5 51. Qf1 Kxf6 52. Qf4 Qxf4 53. gxf4 Be4 54. Bxe4 dxe4 55. Ra1 Kf5 56. Kg1 e3 57. Rd1 f6 58. Rc1 Kxf4 59. Ra1 f5 60. Kh1 Ke5 61. Rc1 f4 62. h3 gxh3 63. Rg1 f3 64. Rg5+ Kd4 65. Rg8 f2 66. Rf8 Re1+ 67. Kh2 f1=Q 68. Rxf1 Rxf1 69. Kxh3 e2 70. Kh4 Rg1 71. Kxh5 e1=Q 72. Kh6 Qh4#) 47. Qc1 Kg6 {Precision: White = 27%, Black = 84%.} 0-1

[Event "78th ARM-ch Highest League 2018"]
[Site "Yerevan"]
[Date "2018.01.17"]
[Round "6"]
[White "Grigoryan, Karen H."]
[Black "Hovhannisyan, Robert"]
[Result "0-1"]
[WhiteElo "2581"]
[BlackElo "2591"]
[Annotator "TA"]
[PlyCount "54"]
[EventDate "2018.??.??"]
[EventType "tourn"]
[EventCountry "ARM"]
[SourceTitle "playchess.com"]
[Source "ChessBase"]
[SourceQuality "1"]

{[%evp 11,54,-30,-11,-33,-20,-31,-22,-12,0,-67,-57,-128,-108,-127,-119,-129,-87,-137,-118,-122,-140,-125,-138,-113,-116,-89,-44,-247,-252,-592,-592,-592,-592,-592,-591,-579,-576,-576,-569,-566,-560,-1140,-1119,-29987,-29988]} 1. d4 d5 2. c4 e6 3. Nf3 dxc4 4. Nc3 a6 5. a4 (5. e3 Nf6 6. a4 b6 7. Bxc4 Bb7 8. O-O c5 9. Qe2 Nbd7 10. Rd1 Qc7 11. d5 exd5 12. Nxd5 Nxd5 13. Bxd5 Bxd5 14. Rxd5 Be7 15. e4 O-O 16. Bf4 Qc6 17. Ne5 Nxe5 18. Bxe5 Rfe8 {0-1 (38) Holt,C (2533)-Azarov,S (2619) Chicago 2015}) 5... Nc6 6. e4 {D21: Queen's Gambit Accepted: 3 Nf3 sidelines} Na5 $1 {LiveBook: 11 Games} 7. Be2 Nf6 8. O-O {The position is equal.} Be7 $146 ({Predecessor:} 8... c5 9. d5 exd5 10. e5 d4 11. exf6 dxc3 12. Qc2 Qxf6 13. Re1 Be6 14. Bg5 {1-0 (25) Nazaryev,S (2276)-Adamson,G (2075) St Petersburg 2010}) 9. Bf4 O-O 10. Qc2 (10. Nd2 $1 $11) 10... c6 11. Rad1 ({Better is} 11. Bg5 $15) 11... b5 $17 12. axb5 axb5 13. Ne5 Qb6 14. Bg5 h6 15. Bh4 Nb3 16. Bf3 Bb7 ({Stronger than} 16... Nxd4 {[#]} 17. Rxd4 $1 {[%mdl 512]} g5 18. Nxc6 $11) 17. Bxf6 Bxf6 ({But not} 17... gxf6 $6 18. Nd7 $11) 18. Nd7 Nxd4 {Hoping for ...Qd8.} 19. Qc1 $2 (19. Qd2 $1 $15 Nxf3+ 20. gxf3) 19... Qd8 $19 20. e5 $2 (20. Nxf8 {was the crucial defense.} Qxf8 21. Bg4) 20... Bg5 (20... Qxd7 $2 21. exf6 c5 22. fxg7 $19) 21. Rxd4 {Qc2 is the strong threat.} Bxc1 22. Rxc1 {[#]} c5 $1 {[%cal Bc6c5,Bc5d4,Bd4c3,Bc3b2][%mdl 32]} 23. Nf6+ (23. Nxc5 Qxd4) 23... Qxf6 $1 24. exf6 {Black must now prevent Rg4.} cxd4 25. Bxb7 dxc3 26. fxg7 Rfb8 27. Bxa8 cxb2 {Precision: White = 21%, Black = 85%.} ({Weaker is} 27... Rxa8 28. bxc3 Ra2 29. Kf1 $17) 0-1

[Event "78th ARM-ch Highest League 2018"]
[Site "Yerevan"]
[Date "2018.01.17"]
[Round "6"]
[White "Pashikian, Arman"]
[Black "Sargsyan, Shant"]
[Result "1/2-1/2"]
[WhiteElo "2578"]
[BlackElo "2461"]
[Annotator "TA"]
[PlyCount "79"]
[EventDate "2018.??.??"]
[EventType "tourn"]
[EventCountry "ARM"]
[SourceTitle "playchess.com"]
[Source "ChessBase"]
[SourceQuality "1"]

{[%evp 14,79,7,5,13,18,20,3,8,16,3,0,11,0,4,0,-8,-8,0,-2,0,-11,0,0,0,-4,0,0,0,-1,16,24,18,0,0,-11,-4,-31,0,-11,0,0,0,0,80,-6,0,0,0,0,0,0,0,0,0,0,0,0,0,0,0,0,0,0,0,0,0,0]} 1. Nf3 d5 2. g3 Nf6 3. Bg2 c6 4. O-O Bg4 5. d3 Nbd7 6. c4 e6 7. cxd5 {A11: Reti-Eröffnung} cxd5 (7... exd5 8. Nc3 Bc5 9. Qb3 Bb6 10. Na4 O-O 11. Nxb6 axb6 12. Qc2 Re8 13. b3 b5 14. Bb2 Nf8 15. Nd4 Qd7 16. f3 Bh5 17. e4 Bg6 {½-½ (41) Van Wely,L (2674)-Oparin,G (2626) Monzon 2016}) 8. Be3 {LiveBook: 4 Partien} Bc5 9. Bxc5 Nxc5 10. Ne5 $146 {Weiss will d4 spielen.} ({Vorgänger:} 10. Nc3 O-O 11. Rc1 Rc8 12. Qd2 Qb6 13. Rc2 Bxf3 14. Bxf3 Rc6 15. Rfc1 Rfc8 16. d4 Ncd7 17. e3 Qa5 18. Bd1 Nb6 19. b3 Kf8 {½-½ (19) Hausrath,D (2413)-Barsov,A (2539) Antwerp 1999}) 10... Bh5 11. Nc3 O-O 12. Qd2 Rc8 13. Rac1 Ncd7 14. Nxd7 Qxd7 15. Qf4 Rfd8 16. Qd4 b6 17. h3 Rc5 18. f4 Qc8 19. a3 Bg6 20. b4 Rc7 21. Na2 h5 22. Rxc7 Qxc7 23. Rc1 $36 {[%mdl 2048] Weiss steht aktiver.} Qd7 24. Nc3 Rc8 25. Kf2 Rc7 26. Ke1 Ne8 {Und weiter mit ...Sd6 wäre nett.} 27. Kd2 Nd6 {Droht ...Sf5 und aus.} 28. g4 $1 Kf8 {[#]} (28... h4 $11) 29. Bf3 (29. f5 $1 $16 {[%cal Rf5g6][%mdl 512]} Bh7 (29... exf5 30. gxh5) 30. f6) 29... hxg4 {Die Stellung ist ausgeglichen.} (29... h4 {with more complications.} 30. f5 exf5 31. Nxd5 Rxc1 32. Kxc1 fxg4 33. Bxg4 Bf5) 30. hxg4 Ne4+ 31. Ke1 (31. dxe4 {is interesting.} dxe4 32. Nb5 e3+ 33. Kd1 Rxc1+ 34. Kxc1 Qxb5 35. Qd6+) 31... Nxc3 32. Rxc3 Rxc3 33. Qxc3 f6 34. Qd4 Ke7 35. Kd2 Bf7 36. g5 Qd6 37. e3 e5 38. gxf6+ gxf6 39. fxe5 Qxe5 40. Qxe5+ {Precision: Weiß = 74%, Schwarz = 53%.} 1/2-1/2